Nations in the 1976 Winter Olympics - Statistics

General Stats
  • This quiz has been taken 27 times
  • The average score is 32 of 37
Answer Stats
Hint Answer % Correct
Asia Japan
100%
Asia South Korea
100%
Oceania Australia
95%
Europe Austria
95%
Europe France
95%
Europe Great Britain
95%
Oceania New Zealand
95%
Europe Spain
95%
Europe Sweden
95%
Europe Belgium
89%
America Canada
89%
Europe Finland
89%
Europe Italy
89%
Europe Norway
89%
Europe Poland
89%
Europe Switzerland
89%
America United States
89%
America Argentina
84%
Europe East Germany
84%
Europe Greece
84%
Europe Hungary
84%
Europe Iceland
84%
Europe Netherlands
84%
Europe Soviet Union
84%
Asia Turkey
84%
Europe West Germany
84%
Europe Andorra
79%
Europe Bulgaria
79%
Europe Czechoslovakia
79%
Europe Liechtenstein
79%
Europe Romania
79%
Europe Yugoslavia
79%
America Chile
74%
Asia Iran
74%
Asia Republic of China
74%
Europe San Marino
68%
Asia Lebanon
53%
No matching quizzes found
Score Distribution
Percent of People with Each Score
Percentile by Number Answered
Your Score History
You have not taken this quiz